| Tag |
First Indicator |
Second Indicator |
Subfields |
| LEADER |
00000cam a2200000 i 4500 |
| 001 |
in00000202139 |
| 005 |
20151009064959.0 |
| 008 |
760323s1936 enk 00000 eng d |
| 035 |
|
|
|a (OCoLC)02063264
|
| 035 |
|
|
|9 AAY3186AM
|
| 040 |
|
|
|a SOI
|c SOI
|d TXA
|d UtOrBLW
|
| 049 |
|
|
|a TXAM
|c [332933]
|
| 090 |
|
|
|a KD662
|b .J4 1936
|
| 100 |
1 |
|
|a Jenks, Edward,
|d 1861-1939.
|
| 245 |
1 |
4 |
|a The book of English law :
|b (as at the end of the year 1935).
|
| 250 |
|
|
|a [4th ed.].
|
| 264 |
|
1 |
|a London :
|b J. Murray,
|c [1936]
|
| 300 |
|
|
|a 460 pages
|
| 336 |
|
|
|a text
|b txt
|2 rdacontent
|
| 337 |
|
|
|a unmediated
|b n
|2 rdamedia
|
| 338 |
|
|
|a volume
|b nc
|2 rdacarrier
|
| 650 |
|
0 |
|a Law
|z Great Britain.
|
| 999 |
|
|
|a MARS
|
| 999 |
f |
f |
|s 50b2eb6f-7bf6-3545-b791-9a8667b8435e
|i 975cd703-0b56-376d-a246-c8421fb5e9dc
|t 0
|
| 952 |
f |
f |
|p ric
|a Texas A&M University
|b Rellis Campus
|c Joint Library Facility
|d Remote Storage
|t 0
|e KD662 .J4 1936
|h Library of Congress classification
|i unmediated -- volume
|m A14803152015
|
| 998 |
f |
f |
|a KD662 .J4 1936
|t 0
|l Remote Storage
|